Australian State Capitals - Statistics

General Stats
  • This quiz has been taken 711 times
  • The average score is 7 of 8
Answer Stats
Hint Answer % Correct
New South Wales Sydney
98%
Western Australia Perth
97%
Australian Capital Territory Canberra
96%
Victoria Melbourne
94%
Queensland Brisbane
93%
South Australia Adelaide
89%
Northern Territory Darwin
89%
Tasmania Hobart
87%
No matching quizzes found
Score Distribution
Percent of People with Each Score
Percentile by Number Answered
Your Score History
You have not taken this quiz